00836nam a2200229Ia 450000500170000000800410001708200200005811000380007824500520011625000190016830000420018754600390022960000620026860000530033065000290038365000270041226400440043933600270048333700330051033800280054304000350057120220317001211.0160825s1998 ck a g 000 0 spa 04aR 708.074bB15j2 aBanco de la República. Bogotá10aJosé Clemente OrozcocBanco de la República a1a. edición  a55 páginas bilustraciones c28 cm  aTexto en idioma ingles y español14aOrozco, José Clemented1883-1949xTrabajos pictóricos14aOrozco, José Clemented1883-1949vExposiciones142LEMBaPintores mexicanos142LEMBaPintura mexicana aBogotábBanco de la Repúblicac1998 atextobtxt2rdacontent asin mediaciónbn2rdamedia avolumenbnc2rdacarrier aCO-BoRNBPbspaerdacCO-BoRNBP